| 000 | 00000nas 2200000zi 4500 |
| 001 | 9.922061 |
| 003 | CaOODSP |
| 005 | 20230907083932 |
| 006 | m o d f |
| 007 | cr ||||||||||| |
| 008 | 230428c20229999qucar p o f0###b0fre|d |
| 040 | |aCaOODSP|bfre|erda|cCaOODSP |
| 041 | |afre|aeng |
| 043 | |an-cn--- |
| 086 | 1 |aR61-50-PDF |
| 245 | 00|aParc marin du Saguenay-Saint-Lawrent = |bSaguenay-St. Lawrence Marine Park. |
| 246 | 11|aSaguenay-St. Lawrence Marine Park |
| 264 | 1|a[Tadoussac, Québec] : |bParcs Canada, |c[2022]- |
| 310 | |aAnnuel |
| 336 | |atexte|btxt|2rdacontent/fre |
| 337 | |ainformatique|bc|2rdamedia/fre |
| 338 | |aressource en ligne|bcr|2rdacarrier/fre |
| 362 | 1 |aParaît depuis : 2022. |
| 500 | |a«Explorez votre aire marine protégée : paysages grandioses, aventures exaltantes, histoires fascinantes.» |
| 546 | |aTexte en français et en anglais. |
| 588 | |aDescription d'après : 2022. |
| 588 | |aDernière livraison consultée : 2022. |
| 610 | 26|aParcs Canada|vPériodiques. |
| 650 | 6|aParcs marins|zQuébec (Province)|vGuides|vPériodiques. |
| 655 | 7|aPériodiques|2rvmgf |
| 710 | 2 |aParcs Canada, |eorganisme de publication. |
| 780 | 00|tParc marin du Saguenay-Saint-Laurent, guide de visite |w(CaOODSP)9.503293 |
| 791 | |tParc marin du Saguenay-Saint-Laurent = |eeng|w(CaOODSP)9.922058 |